[Event "Arco Christmas op 8th"]
[Site "Arco"]
[Date "2017.12.28"]
[Round "4"]
[White "Dalla Torre, Stefano"]
[Black "Carillo, Thomas"]
[Result "1-0"]
[WhiteElo "1579"]
[BlackElo "1033"]
[PlyCount "63"]
[EventDate "2017.12.26"]
[EventType "swiss"]
[EventRounds "7"]
[EventCountry "ITA"]
[SourceTitle "CBM 182 Extra"]
[Source "ChessBase"]
[SourceDate "2018.02.23"]
[SourceVersion "1"]
[SourceVersionDate "2018.02.23"]
[SourceQuality "1"]

1. e4 e5 2. Nf3 Nc6 3. d4 exd4 4. Nxd4 Nf6 5. Nxc6 bxc6 6. e5 Nd5 7. c4 Nb6 8. b3 d6 9. exd6 cxd6 10. Bb2 d5 11. cxd5 cxd5 12. Bb5+ Bd7 13. Qe2+ Be7 14. Bxd7+ Qxd7 15. 0-0 0-0 16. Rd1 Bd6 17. Nd2 Qf5 18. Nf3 Qf4 19. Rd4 Qf5 20. Rh4 Rfe8 21. Qd1 g5 22. Nxg5 Qxg5 23. Rg4 Qxg4 24. Qxg4+ Kf8 25. Qg7+ Ke7 26. Bf6+ Kd7 27. Qxf7+ Kc6 28. Rc1+ Kb5 29. Qxh7 Rac8 30. Qd3+ Kb4 31. Bc3+ Ka3 32. Qa6+ 1-0